|
|
|
|
| LEADER |
00000nam0a2200000 4500 |
| 001 |
679066 |
| 005 |
20250312161916.0 |
| 090 |
|
|
|a 679066
|
| 100 |
|
|
|a 20250312d1979 k||y0rusy50 ca
|
| 101 |
0 |
|
|a rus
|
| 102 |
|
|
|a KZ
|
| 105 |
|
|
|a a z 001yy
|
| 181 |
|
0 |
|a i
|b e
|
| 182 |
|
0 |
|a n
|
| 183 |
|
0 |
|a nc
|2 RDAcarrier
|
| 200 |
1 |
|
|a Стенотекоиды и беззамковые брахиоподы нижнего и низов среднего кембрия Центрального Казахстана
|f С. П. Конева
|g Институт геологических наук им. К. И. Саптаева АН КССР
|
| 203 |
|
|
|a Текст
|b визуальный
|c непосредственный
|
| 210 |
|
|
|a Алма-Аиа
|c Наука
|d 1979
|
| 215 |
|
|
|a 123 с.
|c ил.
|
| 283 |
|
|
|a volume
|2 RDAcarrier
|
| 320 |
|
|
|a Литература: с. 77-81
|
| 606 |
1 |
|
|a Брахиоподы беззамковые
|9 53292
|
| 610 |
1 |
|
|a палеоэкология
|
| 610 |
1 |
|
|a палеонтология
|
| 610 |
1 |
|
|a стратиграфия
|
| 610 |
1 |
|
|a фауна
|
| 610 |
1 |
|
|a филогения
|
| 675 |
|
|
|a 564.8
|v 4
|
| 700 |
|
1 |
|a Конева
|b С. П.
|g Светлана Павловна
|
| 712 |
0 |
2 |
|a Академия наук Казахской ССР
|b Институт геологических наук им. К. И. Сатпаева
|c (Алма-Ата)
|4 570
|9 24064
|
| 801 |
|
0 |
|a RU
|b 63413507
|c 20250312
|
| 830 |
|
|
|a Ретро2025Каталогизация Мотырева
|
| 850 |
|
|
|a 63413507
|
| 942 |
|
|
|c BK
|